000 00346nam a22001457a 4500
008 210521b ||||| |||| 00| 0 eng d
020 _a9789951523530
041 _aeng
080 _a34
082 _a34
100 _a16
101 _aJUR
245 _aParaburgimi dhe masat tjera alternative (Aspekte krahasuese)
_cHalimi,B
942 _2udc
_cBK
999 _c57578
_d57578